Welcome to CU Library Online Public Access Catalogue (OPAC)

Exploring chemical analysis / (Record no. 1838)

MARC details
000 -LEADER
fixed length control field 00849cam a22002294a 4500
001 - CONTROL NUMBER
control field 15178502
005 - DATE AND TIME OF LATEST TRANSACTION
control field 20241130121923.0
008 - FIXED-LENGTH DATA ELEMENTS--GENERAL INFORMATION
fixed length control field 080212s2009 nyuab 001 0 eng
020 ## - INTERNATIONAL STANDARD BOOK NUMBER
International Standard Book Number 9781429201476
020 ## - INTERNATIONAL STANDARD BOOK NUMBER
International Standard Book Number 1429201479
050 00 - LIBRARY OF CONGRESS CALL NUMBER
Classification number QD75.22
Item number .H368 2009
100 1# - MAIN ENTRY--PERSONAL NAME
Personal name Harris, Daniel C.,
Dates associated with a name 1948-
245 10 - TITLE STATEMENT
Title Exploring chemical analysis /
Statement of responsibility, etc. Daniel C. Harris.
250 ## - EDITION STATEMENT
Edition statement 4th ed.
260 ## - PUBLICATION, DISTRIBUTION, ETC.
Place of publication, distribution, etc. New York :
Name of publisher, distributor, etc. W.H. Freeman and Company
Date of publication, distribution, etc. c2009.
300 ## - PHYSICAL DESCRIPTION
Extent xiii, 624 p. :
Other physical details ill. (some col.), map ;
Dimensions 26 cm.
500 ## - GENERAL NOTE
General note Includes bibliographical references and index.
650 #0 - SUBJECT ADDED ENTRY--TOPICAL TERM
Topical term or geographic name entry element Analytical chemistry.
856 42 - ELECTRONIC LOCATION AND ACCESS
Materials specified Publisher description
Uniform Resource Identifier <a href="http://www.loc.gov/catdir/enhancements/fy1010/2008922928-d.html">http://www.loc.gov/catdir/enhancements/fy1010/2008922928-d.html</a>
856 41 - ELECTRONIC LOCATION AND ACCESS
Materials specified Table of contents only
Uniform Resource Identifier <a href="http://www.loc.gov/catdir/enhancements/fy1010/2008922928-t.html">http://www.loc.gov/catdir/enhancements/fy1010/2008922928-t.html</a>
942 ## - ADDED ENTRY ELEMENTS (KOHA)
Source of classification or shelving scheme Library of Congress Classification
Koha item type Books
Edition 4th ed.
Suppress in OPAC No
999 ## -
-- 1838
-- 1838
Holdings
Withdrawn status Lost status Source of classification or shelving scheme Damaged status Not for loan Collection Home library Current library Shelving location Date acquired Total checkouts Full call number Barcode Date last seen Copy number Price effective from Koha item type
    Library of Congress Classification     Non-fiction Science Library (Miotso) Science Library (Miotso) General stacks 11/30/2024   QD101.2 .H37 HAR SLM00001039 11/30/2024 1 11/30/2024 Books
    Library of Congress Classification     Non-fiction Science Library (Miotso) Science Library (Miotso) General stacks 11/30/2024   QD101.2 .H37 HAR SLM00001040 11/30/2024 2 11/30/2024 Books
© 2023-2024 Copyright: Central University Libraries. All Rights Reserved | Created by: Mahone Tech Office